| 000 | 00659nam a22001935i 4500 | ||
|---|---|---|---|
| 001 | 167873 | ||
| 003 | ES-MaACL | ||
| 005 | 20230906213620.0 | ||
| 008 | 050929s1885 ie | |||||||| ||eng d | ||
| 040 |
_aCAM _bspa _cCAM |
||
| 100 | 1 |
_aWebb, Thos. E. _9133888 |
|
| 245 | 1 | 4 |
_aThe veil of Isis _b: a series of essays on idealism / _cby Thos. E. Webb. |
| 260 |
_aDublin ; _aLondon : _bHodges, Figgis & Co. : _bLongmans, Green & Co., _c1885. |
||
| 300 |
_aXIII, 365 p. ; _c23 cm. |
||
| 490 | 1 | _aDublin University Press Series | |
| 830 | 0 |
_aDublin University Press Series _9188771 |
|
| 852 |
_aES-MaACL _jF-94 _z-- Enc. tela verde |
||
| 999 |
_c167873 _d167873 |
||